Entangling alliance : politics & diplomacy under George Washington.

Bibliographic Details
Main Author: DeConde, Alexander
Format: Book
Language:English
Published: Durham, N.C. : Duke University Press, 1958.
Subjects:

MARC

Tag First Indicator Second Indicator Subfields
LEADER 00000cam a2200000 4500
001 in00000066444
005 20151007083535.0
008 721011s1958 ncu b 00000 eng u
010 |a  58008500  
035 |a (OCoLC)00425618 
035 |9 AAF9517AM 
040 |c WSU  |d OCL  |d TXA  |d UtOrBLW 
049 |a TXAM  |c [303146] 
050 0 |a E311  |b .D4 
092 |a 327.73  |b D296e 
100 1 |a DeConde, Alexander. 
245 1 0 |a Entangling alliance :  |b politics & diplomacy under George Washington. 
264 1 |a Durham, N.C. :  |b Duke University Press,  |c 1958. 
300 |a 536 pages 
336 |a text  |b txt  |2 rdacontent 
337 |a unmediated  |b n  |2 rdamedia 
338 |a volume  |b nc  |2 rdacarrier 
504 |a Bibliographical footnotes. 
651 0 |a United States  |x Foreign relations  |y 1789-1797. 
651 0 |a United States  |x Foreign relations  |z France. 
651 0 |a France  |x Foreign relations  |z United States. 
651 0 |a United States  |x Politics and government  |y 1789-1797. 
999 |a MARS 
999 f f |s 9d468094-9c89-3e66-8c06-b031b90ced17  |i 478ff455-09dd-36eb-acb8-1382f44a7a1e  |t 0 
952 f f |p ric  |a Texas A&M University  |b Rellis Campus  |c Joint Library Facility  |d Remote Storage  |t 0  |e E311 .D4  |h Library of Congress classification  |i unmediated -- volume  |m A14800677781 
998 f f |a E311 .D4  |t 0  |l Remote Storage